Music Quiz

Random Music or Disney Quiz
Score 0/196 Timer 08:00
42 Plays Today
% Correct
a
96%
a
96%
A
96%
A
96%
a
96%
a
96%
a
96%
A
96%
a
96%
a
96%
a
96%
a
96%
a
96%
a
96%
a
96%
the
91.9%
The
91.9%
the
91.9%
The
91.9%
The
91.9%
the
91.9%
the
91.9%
the
91.9%
The
91.9%
The
91.9%
the
91.9%
The
91.9%
the
91.9%
the
91.9%
the
91.9%
You
76%
you
76%
be
73.7%
an
70.9%
He
70.7%
He
70.7%
is
66.1%
is
66.1%
and
63.4%
And
63.4%
and
63.4%
and
63.4%
and
63.4%
and
63.4%
to
63.4%
to
63.4%
to
63.4%
to
63.4%
to
63.4%
In
61.5%
in
61.5%
in
61.5%
in
61.5%
go
58.1%
go
58.1%
go
58.1%
go
58.1%
go
58.1%
go
58.1%
go
58.1%
go
58.1%
of
54.5%
of
54.5%
of
54.5%
of
54.5%
of
54.4%
% Correct
of
54.4%
of
54.4%
of
54.4%
there
43.9%
For
41.4%
time
40.8%
that
39.8%
that
39.8%
that
39.8%
that
39.8%
will
38.8%
way
37.8%
way
37.8%
down
37.2%
down
37.2%
down
37.2%
down
37.2%
down
37.2%
down
37.2%
down
37.2%
down
37.2%
they
36.9%
they
36.9%
they
36.9%
they
36.9%
see
36.7%
Just
33.1%
Just
33.1%
ever
31.5%
sugar
29.5%
sugar
29.5%
sugar
29.5%
sugar
29.5%
helps
29.4%
helps
29.4%
helps
29.4%
helps
29.4%
medicine
29%
medicine
29%
medicine
29%
medicine
29%
medicine
29%
medicine
29%
medicine
29%
medicine
29%
spoonful
28.8%
spoonful
28.8%
spoonful
28.8%
spoonful
28.8%
little
28%
little
28%
has
27.5%
has
27.5%
his
27.2%
his
27.2%
his
27.2%
every
26.7%
every
26.7%
every
26.7%
It's
26.1%
most
25.9%
most
25.9%
not
25.9%
knows
25.6%
fro
24.8%
delightful
24.3%
% Correct
delightful
24.3%
must
23.3%
fun
22.7%
fun
22.7%
find
22.4%
find
22.4%
find
22.4%
done
21.9%
song
21.1%
job's
20.5%
job
20.4%
job
20.4%
from
20.4%
from
20.4%
their
19.7%
very
19.2%
very
19.2%
element
18.7%
game
18.4%
bees
18.1%
take
17.9%
while
17%
nest
15.8%
rest
15.5%
robin
15.5%
snap
15.4%
task
15.4%
task
15.4%
piece
15.3%
becomes
14.5%
never
14.2%
cake
14.1%
because
13.9%
undertake
13.4%
clear
13.3%
honey
12.8%
feathering
12.7%
move
12.6%
lark
12.5%
gathering
12.3%
twine
12.1%
twig
12.1%
along
11.8%
flowers
11.1%
flower
11.1%
bits
10.9%
spree
10.9%
buzzing
10.5%
tune
10.5%
Though
10.2%
merry
9.8%
toot
9.4%
pursuit
7.6%
nectar
7.2%
quite
6.8%
intent
6.5%
sip
6.4%
hence
6.2%
hence
6.2%
nip
6.1%
tire
5.7%
comb
5.7%
grind... (Repeat chorus)
5.3%
fetch
5.2%
Remove Ads.
Support Sporcle.
Get the best of Sporcle when you Go Orange. This ad-free experience offers more features, more stats, and more fun while also helping to support Sporcle. Thank you for becoming a member.

You're not logged in!

Compare scores with friends on all Sporcle quizzes.
OR
Log In

Show Comments

Extras

Top Quizzes Today


Score Distribution

Your Account Isn't Verified!

In order to create a playlist on Sporcle, you need to verify the email address you used during registration. Go to your Sporcle Settings to finish the process.

Report this User

Report this user for behavior that violates our Community Guidelines.

Details: